LDR 00654naa#a2200169#i#450# 001 EN\\bibl\121321 005 20260516071039.6 011 ## _a1994-4683 100 ## _a20230803b2023####ek#y0engy0150####ca 102 ## _aRU 200 1# _aIMPROVEMENT OF THE INDIVIDUALIZATION MANAGEMENT SYSTEM FOR THE TRAINING PROCESS OF FREESTYLE SPRINTERS _eJournal article 210 1# _aMoscow _cNational State University of Physical Education, Sports and Health named after P.F. Lesgaft _d2023 215 ## _a4 с. 608 ## _aJournal article _2local 675 ## _aПлавание без вспомогательных средств. 797.21 _z 700 #1 _a _g 856 4# _auchzapiski.lesgaft.spb.ru _u